000 00643nam a2200229Ia 4500
001 1089
003 GE_BSU
008 181216s||||||||xx |||||||||||||| ||und||
020 _a9668604261
040 _cGE_BSU
080 _a616(075.8)
100 _aТопоров,Г.Н.
245 _aКлиническая анатомия груди
245 _bУчебное пособие для студ.и врачей-интернов
260 _aХарьков
260 _bКоллегиум
260 _c2007
300 _a584стр.
541 _h20л.
653 _aКлиническая анатомия груди
942 _cBK
999 _c35242
_d35242